000 00792nam a2200253Ia 4500
003 OSt
005 20220924115349.0
006 a|||||r|||| 00| 0
007 ta
008 220923b |||||||| |||| 00| 0 urd d
020 _cINR 300.00
024 _a354592
037 _bTB4998, 29/12/2021, Technical Bureau India Pvt. Ltd.
_cTextual
040 _aARTS
_cARTS
_burd
041 _2urd
_aurd
082 _aO168,1N112:g, Q8
100 _aNusrat Jahan Ed.
_9177979
245 0 _aMajaz ki shairi urski miras
260 _aDelhi
_bArshia publications India
_c2018
300 _a262p.
_ccm.
650 _aURDU POETRY
942 _hO168,1N112:g, Q8
_cTEXL
_2CC
999 _c398024
_d398024